Morálka a trh: vízia Adama Smitha
Smith, A. - zakladateľ modernej politickej ekonómie a stúpenec liberálnej tradície ekonomického myslenia. Sloboda indivídua, právny štát, voľný trh. Priblíženie Smithovho vlastného projektu morálky. Smithovo chápanie ekonomického života a morálky v ich úzkej súvislosti a spojitosti.
Salvato in:
| Autore principale: | |
|---|---|
| Natura: | Capitolo di libro |
| Lingua: | slovacco |
| Soggetti: | |
| Tags: |
Nessun Tag, puoi essere il primo ad aggiungerne!!
|
MARC
| LEADER | 00000naa a2200000 4500 | ||
|---|---|---|---|
| 001 | r026686 | ||
| 005 | 20230925102102.7 | ||
| 041 | 0 | |a slo | |
| 044 | |a SK | ||
| 245 | 1 | 0 | |a Morálka a trh: vízia Adama Smitha |c Dagmar Smreková |
| 520 | |a Smith, A. - zakladateľ modernej politickej ekonómie a stúpenec liberálnej tradície ekonomického myslenia. Sloboda indivídua, právny štát, voľný trh. Priblíženie Smithovho vlastného projektu morálky. Smithovo chápanie ekonomického života a morálky v ich úzkej súvislosti a spojitosti. | ||
| 610 | 2 | 0 | |a morálka |
| 610 | 2 | 0 | |a trh |
| 610 | 2 | 0 | |a Smith, A. |
| 610 | 2 | 0 | |a myslenie ekonomické |
| 610 | 2 | 0 | |a ekonómovia |
| 610 | 2 | 0 | |a filozofia |
| 610 | 2 | 0 | |a vízie |
| 610 | 2 | 0 | |a ekonómia politická |
| 100 | 1 | |a Smreková, Dagmar | |